Centrum voľného času, revitalizácia areálu PKO, Bratislava

Na minha lista:
Detalhes bibliográficos
Autor principal: Harčarík, Marek, 1986- (Author)
Outros Autores: Tóthová, Zuzana, 1964- (Thesis advisor)
Formato: Manuscrito Livro
Idioma:eslovaco
Publicado em: Bratislava : STU v Bratislave FA, 2011
Assuntos:
Acesso em linha:VAIS
Tags: Adicionar Tag
Sem tags, seja o primeiro a adicionar uma tag!

MARC

LEADER 00000ntm a22000003a 4500
001 stu228275
005 20210622081245.1
008 110628s2011----xo------------------slo-d
040 |a STU  |b slo 
041 0 |a slo 
044 |a xo 
100 1 |a Harčarík, Marek,  |d 1986-  |4 aut  |u A  |T FAD Fakulta architektúry  |X 23661  |U A  |Y 50  |7 A000023661 
242 0 0 |a Culture and leisure park  |y eng 
245 1 |a Centrum voľného času, revitalizácia areálu PKO, Bratislava 
260 |a Bratislava :  |b STU v Bratislave FA,  |c 2011 
650 7 |a architektúra  |2 stusub 
650 7 |a architecture  |2 estusub 
650 7 |a Dunaj  |2 stusub 
650 7 |a kultúra  |2 stusub 
650 7 |a PKO  |2 stusub 
700 1 |a Tóthová, Zuzana,  |d 1964-  |4 ths  |u A1110  |U FAD Fakulta architektúry  |U FAD Fakulta architektúry  |T FA Ústav architektúry obytných budov  |X 389  |U A1110  |Y 392  |7 A000000389 
856 4 |a info a plný text  |u http://is.stuba.sk/zp/portal_zp.pl?podrobnosti=72765  |u https://opac.crzp.sk/?fn=detailBiblioForm&sid=FB3FA775908569BA083DCBF1CA6C  |3 VAIS